Central Library OPAC University of Rajshahi

The Johnson allusion-book / (Record no. 18698)

MARC details
000 -LEADER
fixed length control field 00814cam a2200265u 4500
001 - CONTROL NUMBER
control field 18698
003 - CONTROL NUMBER IDENTIFIER
rucl marc code BD-RjUL
005 - DATE AND TIME OF LATEST TRANSACTION
control field 20211209000325.0
008 - FIXED-LENGTH DATA ELEMENTS--GENERAL INFORMATION
fixed length control field 147022s1922 ctuc 001 0 eng
035 ## - SYSTEM CONTROL NUMBER
System control number (BD-RjUL)18756
040 ## - CATALOGING SOURCE
Original cataloging agency DLC
Transcribing agency CarP
Modifying agency DLC
-- BD-RjUL
Language of cataloging eng
041 ## - LANGUAGE CODE
Language code of text/sound track or separate title eng
082 ## - DEWEY DECIMAL CLASSIFICATION NUMBER
Classification number 821.3
Author mark and year BRJ
100 1# - MAIN ENTRY--PERSONAL NAME
Personal name Bradley, Jesse Franklin, [from old catalog]
9 (RLIN) 57596
245 14 - TITLE STATEMENT
Title The Johnson allusion-book /
260 ## - PUBLICATION, DISTRIBUTION, ETC. (IMPRINT)
Place of publication, distribution, etc. New Haven :
Name of publisher, distributor, etc. Yale university press ,
Date of publication, distribution, etc. 1922.
300 ## - PHYSICAL DESCRIPTION
Pagination 466 p. ;
Size 24 cm.
600 10 - SUBJECT ADDED ENTRY--PERSONAL NAME
Personal name Jonson, Ben,
Dates associated with a name 1573?-1637
General subdivision Allusions.
650 ## - SUBJECT ADDED ENTRY--TOPICAL TERM
Topical term or geographic name as entry element English Literature
9 (RLIN) 57598
700 1# - ADDED ENTRY--PERSONAL NAME
Personal name Adams, Joseph Quincy,
Dates associated with a name 1881-1946,
Relator term joint ed.
856 41 - ELECTRONIC LOCATION AND ACCESS
Uniform Resource Identifier <a href="http://hdl.loc.gov/loc.gdc/scd0001.00140932735">http://hdl.loc.gov/loc.gdc/scd0001.00140932735</a>
942 ## - ADDED ENTRY ELEMENTS (KOHA)
Source of classification or shelving scheme Dewey Decimal Classification
Koha item type Books
Holdings
Lost status Source of classification or shelving scheme Damaged status Not for loan Collection code Permanent Location Current Location Shelving location Date acquired Source of acquisition Cost, normal purchase price Total Checkouts Full call number Date last seen Copy number Koha item type
  Dewey Decimal Classification   Not For Loan Fiction Central Library, University of Rajshahi Central Library, University of Rajshahi Reading Room 01/05/1965 Zeitlinger 40.00   821.3 BRJ 1922 22/02/2014 C-1 Books
  Dewey Decimal Classification     Non-fiction Central Library, University of Rajshahi Central Library, University of Rajshahi   25/10/1965 B.H. Blackwell 40.00   821.3 BRJ 1922 03/03/2020 C-2 Books